000 00640nam a22001817a 4500
003 UA-OsUOA
001 18158
007 ta
008 20040421b un ||||| |||| 00| 0 ukr d
100 _aПащук І.
942 _cSA
040 _aUA-OsUOA
_cUA-OsUOA
_dUA-OsUOA
245 _aВідзнака за пошуки
_b[Краэзнавцю ыз Костополя А.Карп'юку присуджено регіон. премію "За відродження Волині"]
300 _aС.7
955 _a0
773 0 _w0
_tВільне слово
_dРівне
_d2004
_g№27/7 квіт./
650 7 _aКарп'юк А.
_2UDC
999 _c304328
_d304328